[Event "Merida World Heritage op 2nd"]
[Site "Merida"]
[Date "2022.08.07"]
[Round "9"]
[White "Knafo, Michael"]
[Black "Cavadas, Jose Manuel Goncalv"]
[Result "0-1"]
[WhiteElo "1631"]
[BlackElo "1414"]
[PlyCount "84"]
[EventDate "2022.08.02"]
[EventType "swiss"]
[EventRounds "9"]
[EventCountry "ESP"]
[SourceTitle "EXT 2023"]
[Source "ChessBase"]
[SourceDate "2022.10.05"]
[SourceVersion "1"]
[SourceVersionDate "2022.10.05"]
[SourceQuality "1"]

1. e4 c5 2. g3 d6 3. Bg2 Nc6 4. d3 Nf6 5. f4 Qc7 6. Nc3 e6 7. Nf3 Be7 8. 0-0 a6 9. Be3 b5 10. Qe2 Bb7 11. Rae1 b4 12. Nd1 a5 13. Ng5 Nd4 14. Qd2 h6 15. Nf3 Nc6 16. Qe2 Ng4 17. Bd2 Rc8 18. h3 Nf6 19. c4 bxc3 20. Bxc3 Ba6 21. Ne3 Nb4 22. Bxb4 axb4 23. Nd2 0-0 24. g4 Nh7 25. f5 Bh4 26. Rc1 Ng5 27. fxe6 fxe6 28. Rxf8+ Rxf8 29. Rf1 Rxf1+ 30. Ndxf1 Qa5 31. b3 Qd8 32. Nh2 Qf6 33. Nf3 Nxf3+ 34. Bxf3 Qd4 35. Qd2 Bg5 36. Kf2 Bxd3 37. Be2 Bxe3+ 38. Qxe3 Bxe2 39. Kxe2 Qxe3+ 40. Kxe3 Kf7 41. Kf4 Kf6 42. h4 Ke7 0-1

[Event "Merida World Heritage op 1st"]
[Site "Merida"]
[Date "2021.08.05"]
[Round "2"]
[White "Olivera Gutierrez, Albert"]
[Black "Cavadas, Jose Manuel Goncalv"]
[Result "1-0"]
[WhiteElo "2097"]
[BlackElo "1486"]
[PlyCount "81"]
[EventDate "2021.08.04"]
[EventType "swiss"]
[EventRounds "9"]
[EventCountry "ESP"]
[SourceTitle "EXT 2023"]
[Source "ChessBase"]
[SourceDate "2022.10.05"]
[SourceVersion "1"]
[SourceVersionDate "2022.10.05"]
[SourceQuality "1"]

1. Nf3 Nf6 2. b3 d5 3. Bb2 e6 4. e3 Be7 5. d4 0-0 6. Bd3 b6 7. Ne5 Bb7 8. 0-0 Nbd7 9. Nd2 c5 10. Qf3 Rb8 11. Qh3 h6 12. f4 Ne4 13. Nxe4 dxe4 14. Bc4 Nf6 15. f5 exf5 16. Qxf5 Qc8 17. Ng6 Re8 18. Nxe7+ Rxe7 19. dxc5 Qxf5 20. Rxf5 Ng4 21. Bd4 g6 22. Rf4 h5 23. cxb6 axb6 24. Raf1 Nh6 25. Bxb6 Nf5 26. a4 Rd7 27. Bb5 Rd2 28. R4f2 Rd6 29. Bc7 Rc8 30. Bxd6 Nxd6 31. c4 Nf5 32. Re2 Rd8 33. Rb1 Rd3 34. Kf2 Nd6 35. Rbb2 f5 36. Red2 Kg7 37. c5 Nxb5 38. axb5 Kf7 39. c6 Bc8 40. Rxd3 exd3 41. b6 1-0

[Event "Pombal op 11th"]
[Site "Pombal"]
[Date "2020.10.04"]
[Round "5"]
[White "Cavadas, Jose Manuel Goncalv"]
[Black "Vitor, Antonio Pedro Caste"]
[Result "0-1"]
[WhiteElo "1496"]
[BlackElo "2372"]
[PlyCount "90"]
[EventDate "2020.10.02"]
[EventType "swiss"]
[EventRounds "7"]
[EventCountry "POR"]
[SourceTitle "CBM 198 Extra"]
[Source "ChessBase"]
[SourceDate "2020.11.30"]
[SourceVersion "1"]
[SourceVersionDate "2020.11.30"]
[SourceQuality "1"]

1. d4 b6 2. c4 Bb7 3. Nc3 e6 4. a3 Nf6 5. Bg5 Be7 6. e3 c5 7. Nf3 0-0 8. Bd3 h6 9. Bh4 cxd4 10. exd4 d5 11. 0-0 dxc4 12. Bxc4 Nc6 13. Rc1 Rc8 14. Ba2 Nd5 15. Bxe7 Ncxe7 16. Ne5 Nxc3 17. bxc3 Nd5 18. c4 Nf4 19. f3 Qxd4+ 20. Qxd4 Ne2+ 21. Kh1 Nxd4 22. Rfe1 Rfd8 23. Kg1 Nc6 24. Ng4 Rd2 25. Bb1 Na5 26. Ne3 Kf8 27. Rc3 Rc5 28. Rec1 g5 29. Ng4 Rd4 30. Nxh6 f5 31. Re3 Bc8 32. Rce1 Kg7 33. Nxf5+ exf5 34. Re7+ Kf6 35. Re8 Bd7 36. R8e7 Nc6 37. R7e3 Re5 38. Rxe5 Nxe5 39. Ba2 Be6 40. Rc1 Rd2 41. c5 Rxa2 42. c6 Nxc6 43. Rxc6 Rxa3 44. Kf2 Ra2+ 45. Kg3 f4# 0-1

[Event "Lisbon Portugal rapid 2op"]
[Site "Lisbon"]
[Date "2020.02.02"]
[Round "1"]
[White "Chkhaidze, Nikoloz"]
[Black "Cavadas, Jose Manuel Goncalv"]
[Result "1-0"]
[WhiteElo "2312"]
[BlackElo "1529"]
[PlyCount "43"]
[EventDate "2020.01.02"]
[EventType "swiss (rapid)"]
[EventRounds "8"]
[EventCountry "POR"]
[SourceTitle "CBM 194 Extra"]
[Source "ChessBase"]
[SourceDate "2020.03.31"]
[SourceVersion "1"]
[SourceVersionDate "2020.03.31"]
[SourceQuality "1"]

1. c4 Nf6 2. d4 d5 3. cxd5 Nxd5 4. e4 Nf6 5. Nc3 e6 6. Nf3 Be7 7. Bd3 0-0 8. Qe2 b6 9. e5 Nd5 10. Qe4 g6 11. h4 c6 12. h5 f5 13. exf6 Nxf6 14. Qe3 Nxh5 15. Qh6 Rxf3 16. Bxg6 Nf6 17. Bxh7+ Nxh7 18. Qxh7+ Kf8 19. Qh8+ Kf7 20. Rh7+ Kg6 21. Qg7+ Kf5 22. g4# 1-0

[Event "Leiria op 5th"]
[Site "Leiria"]
[Date "2017.07.16"]
[Round "4"]
[White "Cavadas, Jose Manuel Goncalv"]
[Black "Sousa, Ana Joao Rodrigues"]
[Result "1-0"]
[WhiteElo "1550"]
[BlackElo "1151"]
[PlyCount "129"]
[EventDate "2017.07.14"]
[EventType "swiss"]
[EventRounds "5"]
[EventCountry "POR"]
[SourceTitle "EXT 2018"]
[Source "ChessBase"]
[SourceDate "2017.10.13"]
[SourceVersion "1"]
[SourceVersionDate "2017.10.13"]
[SourceQuality "1"]

1. d4 Nf6 2. Nf3 g6 3. c4 Bg7 4. Nc3 0-0 5. e4 d6 6. Be2 c5 7. d5 e5 8. Bg5 Bd7 9. 0-0 Na6 10. a3 Nc7 11. b4 b6 12. Qc2 a5 13. b5 Bg4 14. h3 Bxf3 15. Bxf3 Qb8 16. Be2 Nd7 17. Be7 Re8 18. Bxd6 Nf6 19. f4 exf4 20. Bxf4 Nxe4 21. Nxe4 Bxa1 22. Rxa1 Re7 23. d6 Rxe4 24. dxc7 Qe8 25. Bf3 Rxf4 26. Bxa8 Qxa8 27. Rd1 Rd4 28. Rxd4 cxd4 29. Qd3 Qc8 30. Qxd4 Qxc7 31. Kf2 Kf8 32. g3 Ke7 33. Kf3 Qc8 34. Qxb6 Qxh3 35. Qe3+ Kf8 36. Ke2 Qg4+ 37. Kd3 Qd7+ 38. Kc3 f5 39. Qc5+ Ke8 40. Qe5+ Kd8 41. Qd5 h5 42. Qg8+ Qe8 43. Qd5+ Kc7 44. Qc5+ Kb7 45. Qd5+ Kc8 46. Qa8+ Kd7 47. Qf3 Qe7 48. Kb3 Qe4 49. Qxe4 fxe4 50. Kc3 g5 51. Kd4 h4 52. gxh4 gxh4 53. Kxe4 Kd6 54. Kf4 Kc5 55. Kg4 h3 56. Kxh3 Kb6 57. Kg4 Kc5 58. Kf5 Kb6 59. Ke5 Kc5 60. Ke6 Kxc4 61. b6 Kc3 62. b7 Kb3 63. b8Q+ Ka4 64. Qb6 Kxa3 65. Qxa5+ 1-0

[Event "POR-ch Seniors 50+"]
[Site "Luso"]
[Date "2017.04.12"]
[Round "5"]
[White "Cavadas, Jose Manuel Goncalv"]
[Black "Atalaia, Manuel Ferreira Cos"]
[Result "0-1"]
[WhiteElo "1552"]
[BlackElo "1670"]
[PlyCount "56"]
[EventDate "2017.04.09"]
[EventType "swiss"]
[EventRounds "5"]
[EventCountry "POR"]
[SourceTitle "EXT 2018"]
[Source "ChessBase"]
[SourceDate "2017.10.13"]
[SourceVersion "1"]
[SourceVersionDate "2017.10.13"]
[SourceQuality "1"]

1. d4 d5 2. Nf3 Nf6 3. c4 e6 4. Nc3 Be7 5. Bg5 0-0 6. e3 Nbd7 7. Bd3 c5 8. 0-0 cxd4 9. exd4 dxc4 10. Bxc4 Nb6 11. Bb3 Bd7 12. Rc1 Rc8 13. Ne5 Bc6 14. f4 Nbd5 15. Rf3 Qd6 16. Rg3 g6 17. Bh6 Rfd8 18. Bc2 Nb4 19. Bb1 Qxd4+ 20. Qxd4 Rxd4 21. Bg5 Rcd8 22. Ng4 Nfd5 23. Nxd5 Nxd5 24. Bxe7 Nxe7 25. Rgc3 Rd1+ 26. Kf2 R1d2+ 27. Ke1 Rxg2 28. h3 Rxb2 0-1

[Event "Lisbon Portugal op"]
[Site "Lisbon"]
[Date "2017.02.04"]
[Round "1"]
[White "Cavadas, Jose Manuel Goncalv"]
[Black "Carneiro, Carlos Alberto Carv"]
[Result "0-1"]
[WhiteElo "1562"]
[BlackElo "2182"]
[PlyCount "78"]
[EventDate "2017.02.04"]
[EventType "swiss"]
[EventRounds "9"]
[EventCountry "POR"]
[SourceTitle "CBM 176 Extra"]
[Source "ChessBase"]
[SourceDate "2017.03.02"]
[SourceVersion "1"]
[SourceVersionDate "2017.03.02"]
[SourceQuality "1"]

1. d4 Nf6 2. c4 d6 3. Nc3 g6 4. Nf3 Bg7 5. Bg5 h6 6. Bh4 0-0 7. e3 Nc6 8. Be2 e5 9. d5 Ne7 10. Qc2 Nd7 11. e4 a5 12. Rc1 Nc5 13. a3 a4 14. Rd1 f5 15. exf5 Bxf5 16. Qd2 Nb3 17. Qe3 Bc2 18. Rd3 Qd7 19. Bxe7 Qxe7 20. Ne4 Bxd3 21. Bxd3 Qf7 22. 0-0 Qf4 23. Qe1 Nd4 24. Nxd4 exd4 25. Qb4 b6 26. Ng3 Qf7 27. Bc2 Rae8 28. Bxa4 Re7 29. Qd2 Qf4 30. Qd3 Re1 31. f3 Qe3+ 32. Qxe3 Rxf1+ 33. Kxf1 dxe3 34. Bc2 Bxb2 35. Bxg6 Ra8 36. Nf5 Rxa3 37. Ke2 Bc1 38. Nd4 Ra2+ 39. Kf1 Rf2+ 0-1

[Event "POR-ch Seniors 50+"]
[Site "Luso"]
[Date "2016.07.23"]
[Round "4"]
[White "Pedroso, Manuel"]
[Black "Cavadas, Jose Manuel Goncalv"]
[Result "0-1"]
[WhiteElo "1359"]
[BlackElo "1544"]
[PlyCount "48"]
[EventDate "2016.07.21"]
[EventType "swiss"]
[EventRounds "5"]
[EventCountry "POR"]
[SourceTitle "EXT 2018"]
[Source "ChessBase"]
[SourceDate "2017.10.13"]
[SourceVersion "1"]
[SourceVersionDate "2017.10.13"]
[SourceQuality "1"]

1. e4 c5 2. Nf3 a6 3. d4 cxd4 4. Nxd4 d6 5. c4 Nc6 6. Nc3 g6 7. Be3 Bg7 8. Qd2 Nf6 9. Bh6 Bxh6 10. Qxh6 Nxd4 11. Bd3 Qa5 12. 0-0 Qh5 13. Qf4 0-0 14. Rfe1 Ne6 15. Qg3 Qe5 16. Qh4 Qf4 17. Qxf4 Nxf4 18. Bc2 Bd7 19. g3 Ne6 20. e5 dxe5 21. Rxe5 Rac8 22. b3 Nd4 23. Be4 Nxe4 24. Nxe4 Nf3+ 0-1

[Event "POR-ch Seniors 50+"]
[Site "Luso"]
[Date "2016.07.22"]
[Round "2"]
[White "Cavadas, Jose Manuel Goncalv"]
[Black "Maduro, Joao Luis Andrade"]
[Result "1/2-1/2"]
[WhiteElo "1544"]
[BlackElo "1757"]
[PlyCount "125"]
[EventDate "2016.07.21"]
[EventType "swiss"]
[EventRounds "5"]
[EventCountry "POR"]
[SourceTitle "EXT 2018"]
[Source "ChessBase"]
[SourceDate "2017.10.13"]
[SourceVersion "1"]
[SourceVersionDate "2017.10.13"]
[SourceQuality "1"]

1. d4 Nf6 2. Nf3 e6 3. c4 b6 4. Nc3 Bb4 5. e3 Bb7 6. Be2 Ne4 7. Qc2 0-0 8. 0-0 Bxc3 9. bxc3 d6 10. Bb2 Nd7 11. Rad1 f5 12. d5 e5 13. Bd3 Ndc5 14. Bxe4 fxe4 15. Nd2 Qh4 16. f3 exf3 17. Nxf3 Qxc4 18. Ng5 Qh4 19. Ne6 Nxe6 20. dxe6 Qg5 21. Bc1 Qe7 22. Qb3 Rae8 23. Rxf8+ Rxf8 24. Rf1 Rxf1+ 25. Kxf1 d5 26. Qa4 Qxe6 27. Qxa7 Qc8 28. Qa3 Ba6+ 29. Ke1 Bc4 30. Qe7 Qf8 31. Qxf8+ Kxf8 32. a3 Ke7 33. Kf2 Kd6 34. Kf3 Kc5 35. e4 Kb5 36. Ke3 Ka4 37. exd5 Bxd5 38. g3 Kb3 39. Kd3 c5 40. Bg5 c4+ 41. Kd2 Kxa3 42. Bd8 b5 43. Ba5 Kb2 44. Bb4 Be6 45. Ke3 Bf5 46. g4 Bxg4 47. Ke4 h5 48. Kxe5 Bc8 49. h4 g6 50. Kf6 Bf5 51. Kg5 Kc2 52. Kf4 Kd3 53. Ke5 Ke3 54. Be7 Kd3 55. Bb4 Be4 56. Kf4 Bf5 57. Ke5 Ke3 58. Be7 Kf3 59. Kd4 Kg4 60. Bg5 Kf3 61. Be7 Ke2 62. Bg5 Bd3 63. Kc5 1/2-1/2

[Event "Coimbra Queima das Fitas op"]
[Site "Coimbra"]
[Date "2015.05.01"]
[Round "3"]
[White "Freitas, Andre Manuel Ramos"]
[Black "Cavadas, Jose Manuel Goncalv"]
[Result "1-0"]
[WhiteElo "1326"]
[BlackElo "1600"]
[PlyCount "93"]
[EventDate "2015.04.30"]
[EventType "swiss"]
[EventRounds "7"]
[EventCountry "POR"]
[SourceTitle "EXT 2018"]
[Source "ChessBase"]
[SourceDate "2017.10.13"]
[SourceVersion "1"]
[SourceVersionDate "2017.10.13"]
[SourceQuality "1"]

1. e4 c5 2. Nf3 Nc6 3. d4 cxd4 4. Nxd4 g6 5. Nc3 Bg7 6. Be3 Nf6 7. f3 d6 8. Qd2 0-0 9. 0-0-0 Bd7 10. g4 Qa5 11. Kb1 Rac8 12. Nxc6 Rxc6 13. Nd5 Qd8 14. h4 e6 15. Nc3 Rxc3 16. Qxc3 Nxg4 17. Qb3 Nxe3 18. Qxe3 Qc7 19. Qxa7 Rc8 20. Rc1 Bh6 21. Bd3 Bxc1 22. Rxc1 Bc6 23. Qe3 Qd8 24. Rh1 Qf8 25. h5 Rc7 26. h6 d5 27. e5 f5 28. Rh4 Qe7 29. Qf4 g5 30. Qg3 Kh8 31. Rh5 Be8 32. Rxg5 Bg6 33. Qf4 Qd7 34. Qb4 Rc8 35. f4 Kg8 36. Bb5 Qc7 37. Rg2 Qc5 38. Qxc5 Rxc5 39. Bd3 Kf7 40. b4 Rc7 41. a4 b6 42. Kb2 Ke7 43. a5 bxa5 44. bxa5 Rb7+ 45. Ka2 Kf8 46. a6 Ra7 47. Ka3 1-0